Asia: Two-Country Borders Quiz Stats

 Plays Quiz Updated May 23, 2018

Challenge
Share
Tweet
Score 0/10 Timer 03:00
1 Play Today
% Correct
Yemen
85.4%
Mongolia
84%
Bhutan
75.3%
Nepal
70.5%
United Arab Emirates
69.6%
Kuwait
65.6%
Bangladesh
60.5%
Indonesia
57.2%
Lebanon
53.3%
Palestine
46.3%

You're not logged in!

Compare scores with friends on all Sporcle quizzes.
OR
Log In

You Might Also Like...

Show Comments

Extras

Top Quizzes Today


Score Distribution

Your Account Isn't Verified!

In order to create a playlist on Sporcle, you need to verify the email address you used during registration. Go to your Sporcle Settings to finish the process.

Report this User

Report this user for behavior that violates our Community Guidelines.

Details: